| 000 | 00874nam a2200217Ia 4500 | ||
|---|---|---|---|
| 003 | IN-BaIIA | ||
| 008 | 211028s9999 xx 000 0 eng d | ||
| 040 | _cIIA Library | ||
| 080 |
_a083.3:52 _bDAV |
||
| 100 |
_aDavis, Robert J _98359 |
||
| 245 | 0 |
_aCelescope catalog of ultraviolet stellar observations _b5068 objects measured by the Smithsonian experiment board the Orbiting Astronomical Observatory (OAO-2) _cRobert J. Davis, William A. Deutschman and Katherine L. Haramundanis |
|
| 260 |
_aWashington _bSmithsonian Institution Press _c1973 |
||
| 300 | _av, 248p. | ||
| 650 |
_a Catalogue-Observations _98360 |
||
| 650 |
_a Observations catalogue _98361 |
||
| 650 |
_a Stellar observations _98362 |
||
| 650 |
_aAstronomy and Astrophysics Thesaurus _91143 |
||
| 700 |
_aDeutschman, William A. _98363 |
||
| 700 |
_aHaramundanis, Katherine L. _98364 |
||
| 942 | _cBK | ||
| 999 |
_c4714 _d4714 |
||